[Event "16th Delhi GM Open 2018"]
[Site "Delhi"]
[Date "2018.01.15"]
[Round "9"]
[White "Gupta, Abhijeet"]
[Black "Vignesh N R"]
[Result "0-1"]
[WhiteElo "2610"]
[BlackElo "2470"]
[Annotator "TA"]
[PlyCount "136"]
[EventDate "2018.??.??"]
[EventType "swiss"]
[EventCountry "IND"]
[SourceTitle "playchess.com"]
[Source "ChessBase"]
[SourceQuality "1"]

{[%evp 23,136,0,14,-4,0,0,29,30,23,13,29,22,64,58,52,60,56,16,25,16,40,38,70,72,64,69,124,127,268,31,20,21,28,0,0,0,0,0,0,0,0,0,0,0,37,43,53,-281,-281,-281,-281,-279,-279,-279,-279,-798,-798,-798,-791,-718,-614,-5899,-5402,-6097,-4133,-1683,-1600,-1255,-870,-1250,-863,-1241,-1226,-1220,-1227,-1239,-1223,-1225,-1217,-1204,-1143,-1149,-1143,-1229,-1207,-1105,-1008,-1292,-1214,-1095,-1049,-1031,-1019,-6133,-1716,-1111,-1019,-1019,-1013,-992,-991,-29966,-29966,-29960,-29961,-29961,-29949,-5114,-908,-900,-899,-899,-893,-875,-853]} 1. Nf3 d5 2. g3 Nf6 3. Bg2 c6 4. O-O Bg4 5. c4 e6 6. cxd5 Bxf3 7. Bxf3 cxd5 8. d4 Nc6 9. Nc3 Be7 {A11: English Opening: 1...c6} 10. e3 (10. b3 O-O 11. Bb2 a6 12. e3 Qa5 13. a3 Rfc8 14. Qe2 b5 15. Rfc1 Qb6 16. Qd1 Rc7 17. Ne2 {½-½ (44) Duda,J (2717)-Ni,H (2671) Riadh 2017}) 10... O-O 11. Bd2 Rc8 12. Rc1 a6 {LiveBook: 3 Games} 13. Bg2 $146 {[%cal Bf3g2,Bg2f1,Bf1d3][%mdl 32]} ({Predecessor:} 13. Qe2 Nd7 14. Rfd1 Nb6 15. Be1 Bf6 16. Bg2 Re8 17. Qg4 g6 18. Bf1 Bg7 19. Bd3 {½-½ (19) Ponkratov,P (2591)-Postny,E (2569) Mali Losinj 2017}) 13... b5 14. a4 Qb6 15. axb5 axb5 16. Qe2 Bb4 17. Rfd1 Rb8 18. Bf1 {[%cal Rc3b5]} Na5 19. Be1 ({And not} 19. Qxb5 Qxb5 20. Nxb5 Bxd2 $17) (19. Nxb5 Bxd2 20. Qxd2 Nb3 $17) 19... Nc4 20. Qc2 Rfc8 21. Bd3 Bf8 22. Qe2 Ra8 23. b3 Na5 24. Bxb5 Nxb3 (24... Qb7 $14) 25. Rb1 $16 Ra3 (25... Na5 $16) 26. Rb2 $2 (26. Bd3 $18) 26... Qd8 $14 27. Bd3 {Black should prevent Rdb1.} Bb4 28. Nb1 Nc1 29. Qf1 Nxd3 30. Rxd3 Rc1 $36 {[%mdl 2048] Strongly threatening ...Rxd3. Black fights for an advantage.} ({Not} 30... Rxd3 $2 31. Bxb4 Rxe3 32. fxe3 $18) 31. Rxa3 Rxe1 32. Rxb4 Rxf1+ 33. Kxf1 {Black must now prevent Rba4.} h5 34. Nd2 Qc8 {And now ...Qc1+ would win.} 35. Kg2 $2 {[%mdl 8192] [#]} (35. Ra2 $1 $14 {keeps the upper hand.}) 35... Qc2 $1 $19 36. Rb7 Qxd2 37. Ra8+ Kh7 38. Rxf7 Ng4 39. Ra3 $2 (39. Rf3) 39... Qb2 40. Rd3 Kg8 41. Rf4 g5 42. Rf3 {[#]} Nxh2 $1 {[%mdl 512]} 43. Rf6 (43. Kxh2 Qe2) 43... Ng4 44. Rf3 Kg7 45. Rd1 Nf6 46. Rh1 Kg6 47. Rxf6+ Kxf6 48. Rxh5 {[%mdl 4096] Endgame KQ-KR} Kf5 49. Kf3 Qb1 {( -> ...Qd1+)} 50. g4+ Kg6 51. Kg3 Kf6 52. Rh6+ Ke7 53. Rh5 Qg6 54. Rh1 Kd7 55. Rc1 Qh6 56. Rg1 Qh4+ 57. Kf3 Qh2 58. Rg2 Qh1 59. Kg3 Qh4+ 60. Kf3 Qh3+ 61. Rg3 Qh1+ 62. Rg2 Kc6 63. Kg3 Qh4+ 64. Kf3 Qh3+ 65. Rg3 Qh1+ {Black is clearly winning.} 66. Ke2 Kb5 67. Rf3 Kc4 68. Rf8 Qg2 {Precision: White = 44%, Black = 66%.} 0-1

[Event "16th Delhi GM Open 2018"]
[Site "Delhi"]
[Date "2018.01.15"]
[Round "9"]
[White "Sengupta, Deep"]
[Black "Koustav Chatterjee"]
[Result "1/2-1/2"]
[WhiteElo "2586"]
[BlackElo "2288"]
[Annotator "TA"]
[PlyCount "113"]
[EventDate "2018.??.??"]
[EventType "swiss"]
[EventCountry "IND"]
[SourceTitle "playchess.com"]
[Source "ChessBase"]
[SourceQuality "1"]

{[%evp 12,113,15,15,18,23,39,0,0,-19,-17,-12,0,-1,12,12,20,20,12,16,11,0,5,0,0,-37,0,0,0,0,7,16,10,8,6,0,0,0,0,-13,-12,-16,-7,-7,-7,-52,0,0,0,-13,-12,-6,-6,-4,-4,-4,-5,-5,-6,-9,0,0,0,0,0,0,0,0,0,0,0,0,0,0,0,0,42,42,42,42,29,29,41,30,41,41,41,41,168,2,24,0,0,0,10,0,2,2,2,2,2,2,2,0]} 1. e4 c5 2. Nf3 e6 3. d4 cxd4 4. Nxd4 Nc6 5. Nc3 Qc7 6. g4 {B47: Sicilian: Taimanov: 5 Nc3 Qc7 6 f4, 6 g3 and 6 Be2} (6. Be3 a6 7. a3 Be7 8. f4 b5 9. Qf3 Bb7 10. Bd3 Nf6 11. O-O h5 12. h3 Nxd4 13. Bxd4 Bc5 14. Qf2 d6 15. e5 {0-1 (61) Grischuk,A (2772)-Harikrishna,P (2744) Huaian 2017}) 6... a6 7. Bg2 {LiveBook: 13 Games} b5 8. Nxc6 Qxc6 $146 ({Predecessor:} 8... dxc6 9. O-O e5 10. f4 Nf6 11. h3 Nd7 12. Qf3 Bb7 13. a4 Be7 14. axb5 axb5 15. Rxa8+ Bxa8 {½-½ (23) Van der Weide,K (2502)-Stefansson,H (2576) Dresden 2007}) 9. O-O {[#] Black must now prevent e5.} Bb7 10. a4 b4 11. Nd5 Bc5 12. Nf4 Qc7 13. Nd3 Bd6 14. f4 Bc5+ 15. Kh1 Nf6 16. Qe2 {Black should prevent g5.} d5 {[%cal Rf6e4]} 17. e5 Ne4 18. f5 Bd4 (18... Be7 {is more complex.} 19. fxe6 fxe6 20. Be3 Rc8 21. Rac1 Rf8) 19. fxe6 fxe6 20. Be3 Bxe5 21. Bxe4 dxe4 22. Nxe5 Qxe5 23. Qd2 a5 24. Rad1 {[%csl Gd1][%cal Rd2d7] [#]} Qc7 25. Qf2 Ba6 26. Rfe1 ({Not} 26. Bb6 $2 Qb7 $17) 26... Rf8 27. Qh4 g6 28. Kg1 ({Much weaker is} 28. Bh6 Rf7 $17) 28... Rf7 ({Black should play} 28... Rc8 $15) 29. Rd2 $11 Bc4 30. Red1 Bd5 31. Rf1 Qe7 32. Qxe7+ Kxe7 33. Bc5+ Ke8 34. Rxf7 Kxf7 {[%mdl 4096] Endgame KRB-KRB} 35. Kf2 Rc8 36. Bb6 b3 37. c3 Rc4 38. Rd4 Rxd4 39. Bxd4 {KB-KB} Bc6 40. Ke3 Bxa4 41. Bb6 Bc6 42. Bxa5 e5 43. c4 h5 44. gxh5 gxh5 45. Be1 Ke6 46. Kd2 Kf5 47. Bg3 Bd7 48. Kc3 e3 49. Kxb3 e4 (49... Be6 $14) 50. Kc2 $2 (50. Kc3 $18) 50... Kg4 51. Kd1 Kf3 {The position is equal.} 52. Ke1 e2 53. b4 e3 54. b5 Be8 55. Bd6 Bd7 56. Be7 Be8 57. Bd6 {Precision: White = 55%, Black = 63%.} 1/2-1/2

[Event "16th Delhi GM Open 2018"]
[Site "Delhi"]
[Date "2018.01.15"]
[Round "9"]
[White "Karthikeyan, Murali"]
[Black "Deviatkin, Andrei"]
[Result "1/2-1/2"]
[WhiteElo "2580"]
[BlackElo "2471"]
[Annotator "TA"]
[PlyCount "71"]
[EventDate "2018.??.??"]
[EventType "swiss"]
[EventCountry "IND"]
[SourceTitle "playchess.com"]
[Source "ChessBase"]
[SourceQuality "1"]

{[%evp 15,71,20,12,-2,0,-6,-7,-10,0,-34,-27,-32,7,1,22,9,100,103,103,104,99,114,107,0,0,0,0,0,0,0,0,-19,0,0,0,0,0,0,0,0,0,0,0,0,0,0,0,0,0,0,0,0,0,0,0,0,0,0]} 1. e4 e5 2. Nf3 Nc6 3. Bb5 Nf6 4. d3 d6 5. O-O Bd7 6. Re1 {C66: Ruy Lopez: Steinitz Defence} (6. c3 g6 7. h3 Bg7 8. Be3 O-O 9. Nbd2 Nh5 10. Ba4 Kh8 11. d4 f5 12. exf5 gxf5 13. dxe5 dxe5 14. Nxe5 Nxe5 15. Bxd7 Qxd7 16. Qxh5 {1-0 (30) Grischuk,A (2772)-Wang,H (2709) Huaian 2017}) 6... g6 7. d4 Bg7 8. dxe5 Nxe5 {LiveBook: 4 Games} 9. Bxd7+ Nfxd7 10. Nxe5 Nxe5 11. Nc3 O-O 12. Nd5 $146 ({Predecessor:} 12. Qe2 f5 13. exf5 Rxf5 {0-1 (34) Wang,J (2335)-Lei,T (2471) China 2017}) 12... c6 13. Ne3 b5 14. a4 {[%cal Ba2a4,Ba4b5][%mdl 32]} Nc4 15. axb5 Nxb2 (15... Nxe3 $1 $11 16. Bxe3 (16. Rxe3 cxb5 17. c3 a5 $14) 16... Bxb2) 16. Bxb2 $16 Bxb2 17. bxc6 Bxa1 18. Qxa1 Rc8 19. Nd5 (19. Qc3 $16) 19... Rxc6 $11 {The position is equal.} 20. Nf6+ Kh8 21. Re3 Rxc2 {[#] And now ...Qb6 would win.} 22. Nxh7+ $1 {[%mdl 512]} Kg8 $1 {White must now prevent ...Qh4.} (22... Kxh7 23. Rh3+) 23. Nxf8 Qf6 24. Qf1 {Hoping for e5.} Kxf8 {[%mdl 4096] Endgame KQR-KQR} 25. g3 a5 26. Kg2 Qd4 {[#] ...Qxe3 is the strong threat.} 27. Qd3 Qxd3 (27... Rd2 {with more complications.} 28. Qxd4 Rxd4 29. Kf3 a4 30. Rc3 Rb4) 28. Rxd3 {KR-KR} Ke7 29. Ra3 Rc5 30. Kf3 d5 31. exd5 Kd6 32. Ke4 Rxd5 33. h4 Rb5 34. Kd4 Rd5+ 35. Ke4 Rb5 36. Kd4 {Precision: White = 70%, Black = 62%.} 1/2-1/2

[Event "16th Delhi GM Open 2018"]
[Site "Delhi"]
[Date "2018.01.15"]
[Round "9"]
[White "Tukhaev, Adam"]
[Black "Sindarov, Javokhir"]
[Result "1-0"]
[WhiteElo "2570"]
[BlackElo "2429"]
[Annotator "TA"]
[PlyCount "36"]
[EventDate "2018.??.??"]
[EventType "swiss"]
[EventCountry "IND"]
[SourceTitle "playchess.com"]
[Source "ChessBase"]
[SourceQuality "1"]

{[%evp 15,36,62,73,76,94,90,93,80,72,93,164,175,206,210,295,297,421,414,403,402,533,549,520]} 1. e4 e5 2. Nf3 Nc6 3. Bb5 a6 4. Ba4 g6 5. d4 exd4 6. Nxd4 Bg7 {C70: Spanische Partie (Abweichung im 4. Zug)} 7. Nxc6 bxc6 (7... dxc6 8. Qxd8+ Kxd8 9. Bb3 Be6 10. Bxe6 fxe6 11. Nd2 c5 12. Ke2 Nh6 13. Nc4 Nf7 14. a4 {1-0 (60) Tabatabaei,M (2573)-Aryan,C (2536) Ahmedabad 2017}) 8. Nc3 Ne7 {LiveBook: 5 Partien. Weiß steht etwas besser.} 9. Be3 O-O 10. Qd2 $146 ({Vorgänger:} 10. O-O d6 11. Bd4 f6 12. Bb3+ Kh8 13. Ne2 c5 14. Bc3 {½-½ (37) Traczewski,W (1801)-Plagnaud,J (1972) LSS email 2008}) 10... d6 11. O-O-O Be6 12. h4 {[%cal Bh2h4,Bh4h5][%mdl 32]} Rb8 (12... Qb8 $16) 13. h5 $18 c5 14. Bh6 {Droht stark hxg6.} Bh8 (14... Bf6 {war einen Versuch wert.} 15. f3 (15. Bxf8 Qxf8 16. f4 Qg7 $16) 15... Be5) 15. f4 {[%cal Bf2f4,Bf4f5][%mdl 32]} ({Schwächer ist} 15. Bxf8 Qxf8 16. Kb1 Bf6 $16) 15... f5 (15... Rb4 $142 16. f5 (16. Bxf8 Qxf8 17. Bb3 c4 $16) 16... gxf5) 16. hxg6 Nxg6 17. g4 fxe4 18. f5 Be5 {Precision: Weiß = 100%, Schwarz = 59%.} 1-0

[Event "16th Delhi GM Open 2018"]
[Site "Delhi"]
[Date "2018.01.15"]
[Round "9"]
[White "Tran, Tuan Minh"]
[Black "Shyaamnikhil P"]
[Result "1/2-1/2"]
[WhiteElo "2548"]
[BlackElo "2397"]
[Annotator "TA"]
[PlyCount "63"]
[EventDate "2018.??.??"]
[EventType "swiss"]
[EventCountry "IND"]
[SourceTitle "playchess.com"]
[Source "ChessBase"]
[SourceQuality "1"]

{[%evp 13,63,45,58,28,41,30,24,30,75,61,89,72,87,91,80,71,90,48,41,-6,-6,-6,-5,-7,-8,-7,-6,-28,0,0,0,0,0,0,0,0,0,-1,0,0,0,0,0,0,0,0,0,0,0,0,0,0]} 1. d4 Nf6 2. c4 c5 3. d5 b5 4. cxb5 a6 5. bxa6 g6 6. Nc3 {A58: Benko/Volga Gambit: Lines with 5 bxa6} Bg7 7. e4 (7. g3 d6 8. Bg2 O-O 9. Nf3 Nbd7 10. O-O Nb6 11. e4 Bxa6 12. Re1 Nc4 13. Bf1 Nd7 14. Nd2 Nde5 15. Nxc4 Nxc4 16. Bd3 Qb6 17. Rb1 Rfb8 18. Na4 Qb4 19. Kg2 Ne5 20. Bd2 {0-1 (53) Harika,D (2528)-Kramnik,V (2803) Douglas 2017}) 7... O-O {LiveBook: 259 Games} 8. Nf3 {[%cal Bg1f3,Bf3d2,Bd2c4,Bc4e5][%mdl 32] White is slightly better.} Qa5 9. Nd2 Bxa6 10. Be2 e6 {[#]} 11. O-O $1 Bxe2 12. Qxe2 exd5 13. exd5 Qa6 {With the idea ...Qxe2.} 14. Nc4 d6 $146 15. Bf4 Nbd7 16. Bxd6 Rfe8 17. Qd3 {aiming for Bc7.} Nb6 $1 18. Ne5 Nc8 19. Qxa6 Rxa6 20. Bb8 Nb6 21. Bd6 {The position is equal.} Nbxd5 22. Nxd5 Nxd5 23. Nc4 Bxb2 24. Nxb2 Rxd6 25. Rfd1 Rde6 26. Kf1 Nc3 27. Rd2 Re2 28. Rxe2 Rxe2 (28... Nxe2 $2 {too greedy.} 29. Re1 $18) 29. Na4 Rxa2 30. Rxa2 Nxa2 31. Nxc5 Nc3 32. Ke1 {Precision: White = 77%, Black = 81%.} 1/2-1/2

[Event "16th Delhi GM Open 2018"]
[Site "Delhi"]
[Date "2018.01.15"]
[Round "9"]
[White "Pruijssers, Roeland"]
[Black "Khusenkhojaev, Muhammad"]
[Result "0-1"]
[WhiteElo "2536"]
[BlackElo "2462"]
[Annotator "TA"]
[PlyCount "74"]
[EventDate "2018.??.??"]
[EventType "swiss"]
[EventCountry "IND"]
[SourceTitle "playchess.com"]
[Source "ChessBase"]
[SourceQuality "1"]

{[%evp 15,74,12,37,23,18,22,20,4,25,0,0,0,0,0,0,0,0,-6,0,-11,-10,-18,0,-88,-84,-127,-137,-251,-245,-237,-242,-252,-252,-233,-227,-239,-225,-534,-533,-509,-475,-474,-442,-823,-814,-797,-772,-883,-856,-1781,-1983,-1995,-1762,-1785,-1942,-29983,-29984,-29991,-29991,-29991,-29992]} 1. c4 Nf6 2. g3 c6 3. Bg2 d5 4. Nf3 g6 5. b3 Bg7 6. Bb2 O-O 7. O-O Nbd7 8. Qc2 b6 9. d3 {A11: English Opening: 1...c6} (9. d4 Bb7 10. Nc3 Qc7 11. Rac1 Rac8 12. Rfd1 e6 13. cxd5 cxd5 14. Qb1 Qb8 15. Ba3 Rfd8 16. Rc2 Ba6 {1-0 (35) Margvelashvili,G (2570)-Kacheishvili,G (2607) ICC INT 2012}) 9... Bb7 10. e4 e6 11. Nbd2 {The position is equal.} c5 12. exd5 $146 ({Predecessor:} 12. cxd5 exd5 13. Rfe1 Re8 14. Nh4 d4 15. Nc4 Qc7 16. Bc1 Ne5 {½-½ (35) Vogel,R (2296)-Gungl,T (2095) Magdeburg 2014}) 12... exd5 13. cxd5 Bxd5 14. Rfe1 Qc7 15. Ne4 Rfe8 16. Nd4 a6 17. b4 Nxe4 18. dxe4 Bb7 ({Reject} 18... Bxd4 $6 19. exd5 Bxb2 20. d6 $16 (20. Qxb2 Qd6 $11)) 19. f4 (19. Rac1 $11 {keeps the balance.}) 19... Rac8 $17 20. bxc5 bxc5 ({Of course not} 20... Qxc5 $6 21. Qd2 $11) 21. Nb3 (21. Nf3 $17 {was called for.}) 21... Bxb2 $19 22. Qxb2 c4 23. Nd4 Nc5 24. e5 Bxg2 25. Qxg2 Nd3 {[#] And now ...Qc5 would win.} 26. Re3 $2 (26. Re4 {was the crucial defense.}) 26... Qc5 27. Nc2 Nb4 28. Rae1 Nd5 29. Kh1 (29. Qf2 $142 Nxe3 30. Qxe3) 29... Nxe3 30. Nxe3 Red8 31. Qh3 c3 {[%cal Bc4c3,Bc3c2][%mdl 32]} 32. Ng4 h5 33. Nf6+ Kg7 34. f5 c2 35. Nxh5+ gxh5 {Black mates.} 36. f6+ Kg6 37. g4 Qd5+ {Precision: White = 26%, Black = 91%.} 0-1

[Event "16th Delhi GM Open 2018"]
[Site "Delhi"]
[Date "2018.01.15"]
[Round "9"]
[White "Deepan Chakkravarthy J."]
[Black "Gomes, Mary Ann"]
[Result "1-0"]
[WhiteElo "2475"]
[BlackElo "2328"]
[Annotator "TA"]
[PlyCount "99"]
[EventDate "2018.??.??"]
[EventType "swiss"]
[EventCountry "IND"]
[SourceTitle "playchess.com"]
[Source "ChessBase"]
[SourceQuality "1"]

{[%evp 19,99,25,30,7,25,0,22,-13,-24,-11,0,0,0,0,0,0,6,-29,22,0,2,-79,-64,-75,-62,-119,-89,-154,-145,-154,-56,-98,-56,-96,0,-98,0,-46,-46,-50,-42,-44,0,0,0,-41,49,54,120,102,109,93,99,85,133,145,136,134,160,129,142,131,139,135,122,137,93,0,212,215,202,203,282,282,522,442,437,439,438,400,310,291]} 1. e4 c5 2. Nf3 d6 3. d4 cxd4 4. Nxd4 Nf6 5. Nc3 a6 6. a4 Nc6 7. a5 {B90: Sicilian Najdorf: Unusual White 6th moves, 6 Be3 Ng4 and 6 Be3 e5} (7. Be2 e6 8. O-O Be7 9. Be3 O-O 10. f4 Qc7 11. Kh1 Re8 12. Qd2 Na5 13. Nb3 Nc4 14. Bxc4 Qxc4 15. Qd3 Qc7 16. a5 Bd7 17. Bb6 Qc8 18. e5 dxe5 19. fxe5 Ng4 20. Qg3 f5 21. exf6 Nxf6 {0-1 (77) Feller,S (2597)-Korobov,A (2750) Schifflange 2017}) 7... Bd7 8. Nb3 e6 {[%cal Be7e6,Be6e5][%mdl 32]} 9. Be3 Be7 10. Be2 O-O {LiveBook: 4 Games} 11. f4 $146 {[%cal Bf2f4,Bf4f5][%mdl 32]} ({Find the theoretical novelty and annotate with similar games:} 11. O-O Qb8 12. f4 Bd8 13. Bf3 e5 14. f5 b6 15. g4 Nxa5 16. g5 Nc4 17. Bf2 Ne8 18. Qe2 b5 19. h4 f6 20. g6 h6 21. Nd5 Nc7 22. Nd2 Nxd5 23. exd5 Nxd2 24. Qxd2 Bxf5 {0-1 (24) Tomulic,V (1866)-Brenc,T (2045) Rijeka 2012}) 11... Rc8 12. Bb6 Qe8 13. Bf3 e5 14. g4 Be6 15. f5 $1 {[%cal Rf5e6]} Bxb3 16. cxb3 Nd7 17. Bf2 Nc5 $36 {[%mdl 2048] Black is more active.} 18. Ra3 Nd4 (18... Nb4 $142 19. O-O Ncd3) 19. O-O Nb5 20. Nd5 (20. Ra2 $11) 20... Nxa3 $17 21. bxa3 Nd7 22. Qd2 ({White should try} 22. h4 $15) 22... Qd8 $1 23. Kh1 (23. Qb4 $142) 23... Bg5 24. Qb4 Nc5 (24... Nf6 $1 $17 25. Qxb7 Nxd5 26. Qxd5 Rc2) 25. Rd1 Bh4 26. Be3 Bg5 27. Bf2 {[#]} Bh4 ({Better is} 27... Ne6 $1 $17 {[%mdl 512] And now ...Nf4 would win.} 28. Qxb7 (28. fxe6 fxe6) 28... Rb8 29. Qxa6 Rxb3) 28. Bg1 Rc6 29. Be2 Kh8 30. Rf1 Qc8 31. Be3 Nd7 32. Bc4 Rc5 (32... h6 $15) 33. g5 $14 {[%cal Bg4g5,Bg5g6][%mdl 32]} Qc6 (33... g6 $14) 34. Rg1 {Black must now prevent Rg4.} f6 {[#]} 35. g6 $1 ({Much worse is} 35. Bxc5 $6 dxc5 36. Qa4 Qxa4 $14) 35... Bg5 {...Bxe3 is the strong threat.} 36. Bxc5 Qxc5 37. Qxc5 ({But not} 37. Qxb7 $6 Qf2 $11) 37... Nxc5 38. Re1 hxg6 39. Ne7 Re8 40. Nxg6+ Kh7 41. b4 {[%cal Bb3b4,Bb4b5,Bb5a6,Ba6a7][%mdl 32]} Na4 42. Bd5 Rb8 43. Rd1 ({White should play} 43. Re2 $16) 43... Nb2 $2 (43... Nc3 $11 {and Black stays safe.} 44. Rd3 Nxd5 45. Rxd5 Bc1) 44. Rb1 Na4 45. Rb3 b6 46. b5 bxa5 $2 (46... Nc5) 47. bxa6 Rxb3 48. Bxb3 Nb6 49. a7 Be3 50. Bd5 {Precision: White = 44%, Black = 32%.} 1-0

[Event "16th Delhi GM Open 2018"]
[Site "Delhi"]
[Date "2018.01.15"]
[Round "9"]
[White "Rahman, Ziaur"]
[Black "Tiviakov, Sergei"]
[Result "1-0"]
[WhiteElo "2472"]
[BlackElo "2584"]
[Annotator "TA"]
[PlyCount "85"]
[EventDate "2018.??.??"]
[EventType "swiss"]
[EventCountry "IND"]
[SourceTitle "playchess.com"]
[Source "ChessBase"]
[SourceQuality "1"]

{[%evp 15,85,15,15,0,12,0,0,-10,25,22,28,0,7,8,8,0,8,8,8,6,6,16,13,30,37,22,26,29,21,9,7,8,9,5,2,0,0,0,0,0,9,0,0,0,0,0,0,0,7,0,0,0,10,0,0,0,0,0,0,0,0,0,0,0,0,0,0,0,0,0,357,357]} 1. d4 Nf6 2. Nf3 e6 3. Bg5 c5 4. c3 d5 5. Nbd2 Nbd7 6. e3 Be7 7. Bd3 Qc7 8. O-O O-O 9. Rc1 {D03: 1 d4 d5 2 Nf3 Nf6 3 Bg5, including Torre Attack with early ...d5} b6 10. Qe2 Bb7 11. c4 {The position is equal.} Rad8 $146 ({Predecessor:} 11... Bd6 12. b4 Ne4 13. cxd5 exd5 14. dxc5 bxc5 15. bxc5 Ndxc5 16. Nb3 Rfc8 17. Nxc5 Bxc5 {1-0 (41) Jones,G (2665)-Meier,G (2632) Helsingor 2014}) 12. b4 dxc4 13. Bxc4 cxd4 14. Nxd4 Qb8 15. a3 Ne5 16. Bf4 Bd6 17. Ba6 {Hoping for Bxb7.} Neg4 18. Bxd6 Qxd6 {[%csl Gg4][%cal Rd6h2] [#]} 19. N2f3 Bd5 20. h3 (20. Qc2 {looks sharper.} Ne5 21. Rfd1 Nxf3+ 22. Nxf3 Qb8 23. Nd4) 20... Ne5 21. Nxe5 Qxe5 22. Nc6 Bxc6 $1 23. Rxc6 g6 24. Rfc1 Rd7 25. Bc8 Rd5 26. Bb7 Rfd8 27. Rc8 R5d7 28. Rxd8+ Rxd8 29. Bf3 Kg7 30. Qc2 Rd7 31. Qc3 Qf5 32. Bg4 Qd3 33. Qa1 h5 34. Rd1 (34. Bd1 {is more complex.} Qd6 35. Bf3 Rc7 36. Rxc7 Qxc7 37. g3) 34... Qb5 35. Rxd7 Qxd7 36. Be2 Qd8 37. Qe5 Kf8 38. Bf1 Ke7 39. Qb5 Qc7 40. Qa6 Ne4 41. Qd3 Qe5 42. Qa6 Qb2 $2 {[%mdl 8192] [#]} (42... Kf6 $11) 43. Qb7+ {Precision: White = 61%, Black = 78%.} 1-0

[Event "16th Delhi GM Open 2018"]
[Site "Delhi"]
[Date "2018.01.15"]
[Round "9"]
[White "Harsha Bharathakoti"]
[Black "Kaustuv, Kundu"]
[Result "1-0"]
[WhiteElo "2451"]
[BlackElo "2324"]
[Annotator "TA"]
[PlyCount "79"]
[EventDate "2018.??.??"]
[EventType "swiss"]
[EventCountry "IND"]
[SourceTitle "playchess.com"]
[Source "ChessBase"]
[SourceQuality "1"]

{[%evp 9,79,13,14,16,17,16,18,18,27,5,8,0,8,8,16,0,27,27,35,35,27,27,27,41,37,28,28,26,23,27,43,30,37,36,88,86,82,89,86,78,109,121,154,150,172,175,543,536,656,391,868,915,976,1168,1167,940,1022,1118,998,951,1927,2126,1671,1451,6408,6431,5412,5338,29975,6498,29984,29984]} 1. e4 c5 2. Nf3 d6 3. Nc3 Nc6 4. Bb5 Bd7 5. O-O e5 {LiveBook: 3 Partien} (5... Nf6 6. Re1 g6 7. Bxc6 Bxc6 8. d4 cxd4 9. Nxd4 Bg7 10. Bg5 O-O 11. Qd2 Re8 12. Rad1 Qa5 13. Nb3 Qc7 14. Nd5 Nxd5 15. exd5 {1-0 (24) Andriasian,Z (2591)-Eliseev,U (2536) St Petersburg 2015}) 6. d3 {B51: Sizilianisch (Rossolimo-Variante)} Nf6 7. Bg5 Be7 8. a4 {Die Stellung ist ausgeglichen.} O-O 9. Bxf6 Bxf6 10. Nd5 g6 $146 ({Vorgänger:} 10... Be6 11. Bxc6 bxc6 12. Nxf6+ Qxf6 13. Qe1 {1-0 (34) Wolf,S (2073)-Schmidt,J (2098) Germany 2011}) 11. a5 a6 12. Bc4 Bg7 13. Nb6 Rb8 14. Nxd7 Qxd7 15. c3 Qc7 16. Qa4 Rbd8 17. Bd5 Ne7 18. Qb3 Nxd5 19. Qxd5 Bh6 20. Ne1 {[%cal Bf3e1,Be1c2,Bc2a3,Ba3c4][%mdl 32]} Rb8 21. Nc2 b5 ({Günstiger ist} 21... Rfd8 $14) 22. axb6 $1 $16 Rxb6 23. Na3 $1 $36 {[%mdl 2048] Weiss bestimmt, wo es lang geht.} Rxb2 24. Nc4 Rc2 25. Rxa6 Rxc3 26. Rxd6 Qe7 27. g3 Bg7 $2 (27... Re8 {ist eine bessere Chance.} 28. Rb1 (28. Qxc5 Rxd3 29. Qc6 Rd4 $14) 28... Rc1+ 29. Rxc1 Bxc1 30. Qxc5 Bh6) 28. Rb1 $18 Qg5 29. Rb7 Rc2 $2 {[#]} ({Bitte nicht} 29... Rc1+ 30. Kg2 $18) (29... h5) 30. Kg2 $1 Qh5 31. Rd8 {Weiss droht Dxf7+ und Matt.} Rxf2+ 32. Kxf2 Qxh2+ 33. Kf1 {[%cal Bf2f1,Bf1e2,Be2d1,Bd1c2,Bc2c3][%mdl 32]} Qh1+ {[#]} 34. Ke2 $1 {Droht Matt per Dxf7+.} Qg2+ 35. Kd1 {jetzt Dxf7+ und aus.} Qf1+ 36. Kc2 h5 37. Rxf8+ Bxf8 38. Nxe5 Qe2+ 39. Kc3 Qe1+ 40. Kc4 {Precision: Weiß = 88%, Schwarz = 32%.} 1-0

[Event "16th Delhi GM Open 2018"]
[Site "Delhi"]
[Date "2018.01.15"]
[Round "9"]
[White "Harsha Bharathakoti"]
[Black "Kaustuv, Kundu"]
[Result "*"]
[WhiteElo "2451"]
[BlackElo "2324"]
[Annotator "TA"]
[PlyCount "43"]
[EventDate "2018.??.??"]
[EventType "swiss"]
[EventCountry "IND"]
[SourceTitle "playchess.com"]
[Source "ChessBase"]
[SourceQuality "1"]

{[%evp 9,43,8,20,20,22,20,15,18,21,10,10,10,9,9,11,0,31,-509,15,0,32,-501,12,0,35,44,44,35,33,35,33,29,40,35,37,25]} 1. e4 c5 2. Nf3 d6 3. Nc3 Nc6 4. Bb5 Bd7 5. O-O e5 {LiveBook: 3 Partien} (5... Nf6 6. Re1 g6 7. Bxc6 Bxc6 8. d4 cxd4 9. Nxd4 Bg7 10. Bg5 O-O 11. Qd2 Re8 12. Rad1 Qa5 13. Nb3 Qc7 14. Nd5 Nxd5 15. exd5 {1-0 (24) Andriasian,Z (2591)-Eliseev,U (2536) St Petersburg 2015}) 6. d3 {B51: Sizilianisch (Rossolimo-Variante)} Nf6 7. Bg5 Be7 8. a4 {Die Stellung ist ausgeglichen.} O-O 9. Bxf6 Bxf6 10. Nd5 g6 $146 ({Vorgänger:} 10... Be6 11. Bxc6 bxc6 12. Nxf6+ Qxf6 13. Qe1 {1-0 (34) Wolf,S (2073)-Schmidt,J (2098) Germany 2011}) 11. a5 a6 12. Bc4 Bg7 13. Bb5 $2 {[%mdl 8192] [#]} (13. Qd2 $14 {bleibt weiter vorne.}) 13... Bf6 $2 (13... axb5 $19 14. Qd2 b4) 14. Bc4 Bg7 15. Bb5 $2 {[%mdl 8192]} (15. Qd2 $14 {behält die Oberhand.}) 15... Bf6 $2 ({Günstiger ist} 15... axb5 $19 16. Qd2 b4) 16. Bc4 Bg7 17. Nb6 Rb8 18. Nxd7 Qxd7 19. c3 Qc7 20. Qa4 Rbd8 21. Bd5 Ne7 22. Qb3 {Precision: Weiß = 30%, Schwarz = 28%.} *